000 00574 a2200169 4500
020 _a9698296018
020 _a9789698296018
090 _c1054
_d1054
100 1 _aMoini, S. M. Saleem.
245 1 0 _aEnvironmental law /
_cS. M. Saleem Moini.
260 _a[S.l.] :
_bIbrahim Publishers,
_c1995.
300 _a262 p.
500 _aUnknown Binding.
856 4 0 _3Amazon.com
_uhttp://www.amazon.com/exec/obidos/ASIN/9698296018/chopaconline-20
856 4 0 _3Amazon customer reviews
_uhttp://www.chopac.org/cgi-bin/tools/azrev.pl?q=9698296018
942 _aNBS
_cBK
_k344.046 MOI
999 _c343588
_d343588